Cooperación internacional en evaluación de la educación en América Latina y el Caribe: Análisis de la situación y propuesta de actuación / Alejandro Tiana Ferrer (Registro nro. 10466)
[ vista simple ]
| 000 -LEADER | |
|---|---|
| fixed length control field | 00678nam a22001811a 4500 |
| 001 - CONTROL NUMBER | |
| control field | 10466 |
| 003 - CONTROL NUMBER IDENTIFIER | |
| control field | OSt |
| 005 - DATE AND TIME OF LATEST TRANSACTION | |
| control field | 20260204212200.0 |
| 008 - FIXED-LENGTH DATA ELEMENTS--GENERAL INFORMATION | |
| fixed length control field | 090304s2000||||xxu||||||b||||||||||spa|| |
| 050 ## - LIBRARY OF CONGRESS CALL NUMBER | |
| Classification number | 379.174 T431c |
| 100 ## - ASIENTO PRINCIPAL -- NOMBRE PERSONAL | |
| Personal name | Tiana Ferrer, Alejandro |
| 245 ## - TÍTULO PROPIAMENTE DICHO: SUBTÍTULO | |
| Title | Cooperación internacional en evaluación de la educación en América Latina y el Caribe: Análisis de la situación y propuesta de actuación / Alejandro Tiana Ferrer |
| 264 ## - PRODUCTION, PUBLICATION, DISTRIBUTION, MANUFACTURE, AND COPYRIGHT NOTICE | |
| Place of production, publication, distribution, manufacture | Estados Unidos de América: Banco de Desarrollo Sostenible |
| 300 ## - PHYSICAL DESCRIPTION | |
| Extensión | 46 p |
| 490 ## - MENCIÓN DE SERIE | |
| Series statement | Serie de informes técnicos del departamento de desarrollo sostenible |
| 650 ## - ASIENTO SECUNDARIO DE MATERIA -- TERMINO TEMÁTICO | |
| Termino Temático Como Elemento de Entrada | Educación - America LatinaÌ |
| 942 ## - ADDED ENTRY ELEMENTS (KOHA) | |
| Source of classification or shelving scheme | Dewey Decimal Classification |
| Koha item type | Libros |
| Withdrawn status | Lost status | Source of classification or shelving scheme | Damaged status | Not for loan | Current library | Date acquired | Total Checkouts | Full call number | Barcode | Date last seen | Price effective from | Koha item type |
|---|---|---|---|---|---|---|---|---|---|---|---|---|
| Dewey Decimal Classification | Biblioteca UTECO | 09/09/2019 | 379.174 T431C | 014725 | 09/09/2019 | 09/09/2019 | Libros |
